000 00390nam a2200145Ia 4500
008 230917s9999||||xx |||||||||||||| ||und||
040 _e203152
_aMAIN
041 _aEnglish
082 _a658.8 M312M
100 _aMandelbrot,Benoit B
245 0 _a(MIS)Behaviour of markets: a fractal view of risk,ruin and reward.
260 _aLondon
_bProfile
_c2009
300 _a326 p.
942 _cBK
999 _c169624
_d169624